Essentials of Intellectual Property Law, Economics, and Strategy, 2nd Edition /

Detalles Bibliográficos
Autor principal: Poltorak, Alexander I.
Otros Autores: Lerner, Paul J.
Formato: eBook
Lenguaje:inglés
Publicado: Hoboken: Wiley, 2011
Materias:
Acceso en línea:Acceso restringido

MARC

LEADER 00000nam a22000007a 4500
005 20210309210727.0
007 cr|||| ||||
008 210309s2011 us |||||s|||| 00||0 eng d
020 |a 978-0-470-88850-6 
035 |a 32434 
040 |a vLex 
090 |c 11328  |d 11328 
100 1 |a Poltorak, Alexander I. 
245 1 0 |a Essentials of Intellectual Property  |h [Recurso electrn̤ico] :  |b Law, Economics, and Strategy, 2nd Edition /  |c Alexander I. Poltorak, Paul J. Lerner  
256 |a Servicio en ln̕ea 
260 |a Hoboken:  |b Wiley,  |c 2011 
300 |a 1 recurso electrn̤ico 
500 |a The definitive primer on intellectual property for business professionals, non-IP attorneys, entrepreneurs, and inventors. Full of valuable tips, techniques, illustrative real-world examples, exhibits, and best practices, the Second Edition of this handy and concise paperback will help you stay up to date on the newest thinking, strategies, developments, and case law in intellectual property. Presents fundamentals of patents, trademarks, copyrights, trade secrets and other less-know forms of IP, such as registered design and mask works. Covers important concepts such as IP strategy, protection, audits, valuation, management, and competitive intelligence. Offers an introduction to IP licensing and enforcement. Now features discussion of critical precedent-setting recent IP cases and proposed patent reform. Providing business professionals and IP owners with in-depth knowledge of this extremely important subject, this book helps those new to this field gain a better understanding and appreciation for the results of their creative abilities. 
506 1 |a Disponible solo en los productos indicados  |d vLex Global  |d vLex Global (Academic Edition, excluding Law Schools)  |d vLex Global (Academic Edition, Law Schools) 
650 0 4 |a Propiedad Intelectual  |z Estados Unidos 
700 1 |a Lerner, Paul J. 
740 0 |a vLex Libros (Servicio en ln̕ea) 
856 4 0 |u http://vlex.com/source/essentials-of-intellectual-property-law-economics-and-strategy-2nd-edition-32434  |z Acceso restringido 
942 |c BOOK 
999 0 |a Intellectual property